| 000 | 01553nam a22002657a 4500 | ||
|---|---|---|---|
| 005 | 20250108102656.0 | ||
| 008 | 250108b ||||| |||| 00| 0 eng d | ||
| 020 | _a9788184952070 | ||
| 040 | _cAL | ||
| 041 | _aEnglish | ||
| 082 |
_223 _a658.3124 _bCHAO |
||
| 100 |
_aDebashis Chatterjee _9192590 |
||
| 245 | _aOther 99% you Can Dare to Lead | ||
| 260 |
_aAhmedabad _bJaico Publishing House _c2013 |
||
| 300 |
_axxvi,158 p. _bPB _c21.5x13.7 cm. |
||
| 365 |
_aIN-5076 _b₹298.00 _c₹ _d₹299.00 _f17-12-2024 |
||
| 520 | _aIn this book,Debashis Chatterjee,a world renowned author and teacher of leadership takes us on a voyage of discovery.Reading this book will make one feel like one is travelling with the great leaders of the world.It is easy to read,with powerful insights,which have been explained with clear active steps. Professor Chatterjee deals with complex leadership issues with simplicity and directness.He weaves togethe colourful stories and compelling personal experiences that are likely to leave a lasting impression on the reader. "Real leaders are ordinary people who have discovered the other 99% of their spiritual potential.This discovery alone has made their lives extraodinary".says Chatterjee. The simple tools and teachings in this book will inspire the reader to rise to his or her true potential | ||
| 650 |
_a Realize _9192591 |
||
| 650 |
_aVisualize _9192592 |
||
| 650 |
_a Action _9192593 |
||
| 650 |
_aManagement _9192594 |
||
| 650 |
_a Success _9192595 |
||
| 650 |
_a Leadership _9192596 |
||
| 942 |
_2ddc _cBK |
||
| 999 |
_c233560 _d233560 |
||